Countries that were part of the Austro-Hungary Empire - Statistics

General Stats
  • This quiz has been taken 75 times
    74 since last reset
  • The average score is 13 of 15
Answer Stats
Countries % Correct
Austria
98%
Croatia
97%
Czech Republic
97%
Hungary
97%
Slovakia
97%
Serbia
95%
Slovenia
95%
Bosnia and Herzegovina
94%
Romania
94%
Poland
92%
Montenegro
91%
Italy
89%
Ukraine
89%
Bulgaria
77%
China
20%
No matching quizzes found
Score Distribution
Percent of People with Each Score
Percentile by Number Answered
Your Score History
You have not taken this quiz since the last reset